| 000 | 00357 a2200157 4500 | ||
|---|---|---|---|
| 001 | 70953 | ||
| 020 | _a | ||
| 040 | _cAnchieta - Itaigara | ||
| 100 | _aAshworth, Julie | ||
| 240 | 1 | 0 |
_aHare wants another race _lIng |
| 245 | 1 | 0 | _aHare wants another race |
| 300 | _a24 | ||
| 362 | 0 | _a1992 | |
| 650 | 4 | _aLiteratura infanto-juvenil em inglês | |
| 942 | _cBK | ||
| 999 |
_c70953 _d70953 |
||